000 00308nam a22001337a 4500
008 170914b xxu||||| |||| 00| 0 eng d
020 _a2900312445859
041 _aeng
080 _22ND
_a7
100 _a44
101 _aART
245 _aTHE FILM EXPERIENCE AN INTRODUCTION
_cCORRIGAN,T
942 _2udc
_cBK
999 _c27519
_d27519